000 01162 a2200253 4500
005 20260320113325.0
008 260320b |||||||| |||| 00| 0 eng d
020 _a9788123754345 (pbk)
037 _ctb
040 _aBL
_cBL
041 _2hin
_ahin
084 _aV44Q7:51 152R2
_qBL
100 _aआज़ाद, सलाम
_91112964
245 _aबांग्लादेश के स्वतंत्रता संग्राम में भारत का योगदान
260 _aनई दिल्ली, भारत:
_bराष्ट्रीय पुस्तक न्यास,
_c2022.
300 _a452पृ.
365 _b340.00
_cINR
490 _aलोकोपयोगी सामाजिक विज्ञान
650 _aइतिहास
650 _aबांग्लादेश
_91132631
700 _aसिंह, के. बी.
_eअनुवादक
_91132632
942 _cTB
_2CC
_hV44Q7:51 152R2
999 _c1678431
_d1678431